| 000 -LEADER |
| fixed length control field |
01449 a2200277 4500 |
| 003 - CONTROL NUMBER IDENTIFIER |
| control field |
Nust |
| 005 - DATE AND TIME OF LATEST TRANSACTION |
| control field |
20221125094810.0 |
| 010 ## - LIBRARY OF CONGRESS CONTROL NUMBER |
| LC control number |
2008019909 |
| 020 ## - INTERNATIONAL STANDARD BOOK NUMBER |
| International Standard Book Number |
0135026490 |
| 020 ## - INTERNATIONAL STANDARD BOOK NUMBER |
| International Standard Book Number |
9788131727003 |
| 035 ## - SYSTEM CONTROL NUMBER |
| System control number |
(OCoLC)227191946 |
| 035 ## - SYSTEM CONTROL NUMBER |
| System control number |
(OCoLC)ocn227191946 |
| 040 ## - CATALOGING SOURCE |
| Transcribing agency |
Nust |
| 082 00 - DEWEY DECIMAL CLASSIFICATION NUMBER |
| Classification number |
621.3815, BOY |
| 100 1# - MAIN ENTRY--PERSONAL NAME |
| Personal name |
Boylestad, Robert L. |
| 9 (RLIN) |
83339 |
| 245 10 - TITLE STATEMENT |
| Title |
Electronic devices and circuit theory / |
| Statement of responsibility, etc. |
Robert L. Boylestad, Louis Nashelsky. |
| 250 ## - EDITION STATEMENT |
| Edition statement |
10th ed. |
| 260 ## - PUBLICATION, DISTRIBUTION, ETC. |
| Place of publication, distribution, etc. |
Upper Saddle River, N.J. : |
| Name of publisher, distributor, etc. |
Pearson/Prentice Hall, |
| Date of publication, distribution, etc. |
c2009. |
| 300 ## - PHYSICAL DESCRIPTION |
| Extent |
xv, 894 p. : |
| Other physical details |
ill. ; |
| Dimensions |
29 cm. |
| 505 ## - FORMATTED CONTENTS NOTE |
| Formatted contents note |
Semiconductor Diodes (Page-1), Diode Applications (Page-59), Bipolar Junction Transistors (Page-131), DC Biasing-BJTs (Page-161), BJT AC Analysis (Page-236), Field-Effect Transistors (Page-360), FET Biasing (Page-404), FET Amplifiers (Page-464), BJT and JFET Frequency Response (Page-530), Operational Amplifiers (Page-584), Op-Amp Applications (Page-631), Power Amplifiers (Page-661), Linear-Digital ICs (Page-701), Feedback and Oscillator Circuits (Page-730), Power Supplies (Voltage Regulators)(Page-763), Other Two-Terminal Devices (Page-791), pnpn and Other Devices (Page-821), |
| 650 #0 - SUBJECT ADDED ENTRY--TOPICAL TERM |
| Topical term or geographic name entry element |
Electronic apparatus and appliances. |
| 9 (RLIN) |
10193 |
| 650 #0 - SUBJECT ADDED ENTRY--TOPICAL TERM |
| Topical term or geographic name entry element |
Electronic circuits. |
| 700 1# - ADDED ENTRY--PERSONAL NAME |
| Personal name |
Nashelsky, Louis. |
| 9 (RLIN) |
96791 |
| 856 41 - ELECTRONIC LOCATION AND ACCESS |
| Materials specified |
Table of contents only |
| Uniform Resource Identifier |
<a href="http://www.loc.gov/catdir/toc/ecip0817/2008019909.html">http://www.loc.gov/catdir/toc/ecip0817/2008019909.html</a> |
| 942 ## - ADDED ENTRY ELEMENTS (KOHA) |
| Source of classification or shelving scheme |
|
| Koha item type |
Book |